[Event "Corona Amateur Tournament (C-HTO)"]
[Site "Biel/Bienne"]
[Date "2020.07.28"]
[Round "8.28"]
[White "Rempe, Mieke"]
[Black "Lips, Adrian"]
[Result "0-1"]
[WhiteElo "1717"]
[BlackElo "1878"]
[PlyCount "98"]
[EventDate "2020.07.20"]

1. e4 c5 2. Nf3 d6 3. d4 cxd4 4. Nxd4 Nf6 5. Nc3 a6 6. a4 e5 7. Nb3 Qc7 8. Be2
Be7 9. O-O O-O 10. Qd3 Nc6 11. Nd5 Nxd5 12. exd5 Nb4 13. Qf3 Qxc2 14. Nd2 Qf5
15. Qb3 Nc2 16. Ra2 Nd4 17. Qd1 Bd7 18. Ra3 Nxe2+ 19. Qxe2 Qg4 20. Qxg4 Bxg4
21. Ne4 Rfc8 22. Rb3 b5 23. axb5 Be2 24. b6 Rab8 25. Re1 Bc4 26. Rb4 Bxd5 27.
Be3 Bxe4 28. Rxe4 f5 29. Rb4 d5 30. Rb3 d4 31. Bd2 Bd6 32. Ra1 Rc2 33. Be1 e4
34. Rxa6 d3 35. b7 d2 36. Bxd2 Rxd2 37. g3 Kf7 38. Ra8 Ke7 39. Rb6 Bc7 40. Rb5
g6 41. Rc5 Rxb7 42. Rh8 Kd6 43. Rc1 Bb6 44. Rf1 Ke6 45. Rc8 Kf6 46. Rc4 Rxb2
47. h4 Rc7 48. Ra4 Rcc2 49. Ra6 Kg7 0-1

[Event "Corona Amateur Tournament (C-HTO)"]
[Site "Biel/Bienne"]
[Date "2020.07.28"]
[Round "8.29"]
[White "Freiburghaus, Simon"]
[Black "Brandt, Daniel"]
[Result "0-1"]
[WhiteElo "1717"]
[BlackElo "1872"]
[Annotator "Workshop,Festival"]
[PlyCount "108"]
[EventDate "2020.07.20"]

1. d4 Nf6 2. Nf3 g6 3. Bf4 Bg7 4. h3 O-O 5. e3 d6 6. Be2 b6 7. O-O Bb7 8. Nbd2
Nbd7 9. c3 Qe8 10. Qb3 e5 11. dxe5 dxe5 12. Bh2 Qe7 13. a4 a5 14. Rfd1 Nc5 15.
Qa3 Rfe8 16. Bxe5 Nd5 17. Bd4 Bf8 18. Bxc5 bxc5 19. Nf1 Qf6 20. Qb3 Qb6 21. Bc4
Rad8 22. Rd2 Qxb3 23. Bxb3 Nb6 24. Rxd8 Rxd8 25. Rd1 Re8 26. Bc2 Bg7 27. Ng3
Bc6 28. Ra1 Nc4 29. Rb1 Rb8 30. b3 Na3 31. Rc1 Nxc2 32. Rxc2 Rxb3 33. Ne2 Rb1+
34. Kh2 Ra1 35. Rb2 Bxf3 36. gxf3 Rxa4 37. Rb8+ Bf8 38. Kg3 Kg7 39. h4 h5 40.
f4 Ra1 41. Rb7 a4 42. Rxc7 a3 43. Ra7 Kf6 44. e4 {(=)} a2 45. Ra6+ Ke7 46. e5
Kd7 47. c4 Be7 48. Kf3 Bxh4 49. Nc3 Rc1 50. Nxa2 Rxc4 51. Rd6+ Ke7 52. Rd2 Ke6
53. Rd6+ Kf5 54. Rf6+ Bxf6 0-1

[Event "Corona Amateur Tournament (C-HTO)"]
[Site "Biel/Bienne"]
[Date "2020.07.28"]
[Round "8.30"]
[White "Battistella, Valentin"]
[Black "Keymer, Cecilia"]
[Result "0-1"]
[WhiteElo "1861"]
[BlackElo "1563"]
[PlyCount "62"]
[EventDate "2020.07.20"]

1. e4 e5 2. Nf3 Nc6 3. Nc3 Nf6 4. d4 exd4 5. Nxd4 Bb4 6. Nxc6 bxc6 7. Bd3 d5 8.
O-O O-O 9. exd5 cxd5 10. Bg5 c6 11. Qf3 Bd6 12. Rfe1 h6 13. Bh4 Rb8 14. Rab1
Be6 15. Ne2 g5 16. Bg3 Bg4 17. Qe3 Re8 18. Qxa7 Ra8 19. Qb7 c5 20. Nc3 Rxe1+
21. Rxe1 Rb8 22. Qc6 Rb6 23. Qa4 Bxg3 24. hxg3 c4 25. Be2 Bxe2 26. Rxe2 Rxb2
27. Qc6 d4 28. Ne4 Rb1+ 29. Kh2 Ng4+ 30. Kh3 h5 31. f3 Rh1# 0-1